<The> Effect of Assymetrically Dominated Alternatives for Chosen Product Categories

Vplyv asymetricky prevládajúcich alternatív na vzorke českých spotrebiteľov zahŕňajúcich štyri rôzne kategórie výrobkov - obedové jedlá, dovolenkové destinácie, permanentky do posilňovne a práčky. Výskumna otázka zameraná na to, či môžu existovať nejaké významné rozdiely v sile účinku na výber český...

ver descrição completa

Na minha lista:
Detalhes bibliográficos
Autor principal: Kubalová, Radka
Outros Autores: Klepek, Martin
Formato: Capítulo de Livro
Idioma:inglês
Assuntos:
Tags: Adicionar Tag
Sem tags, seja o primeiro a adicionar uma tag!

MARC

LEADER 00000naa a2200000 4500
001 0269749
005 20201111133309.2
041 0 |a eng 
044 |a CZ 
245 1 0 |a <The> Effect of Assymetrically Dominated Alternatives for Chosen Product Categories  |c Radka Kubalová, Martin Klepek 
520 |a Vplyv asymetricky prevládajúcich alternatív na vzorke českých spotrebiteľov zahŕňajúcich štyri rôzne kategórie výrobkov - obedové jedlá, dovolenkové destinácie, permanentky do posilňovne a práčky. Výskumna otázka zameraná na to, či môžu existovať nejaké významné rozdiely v sile účinku na výber českých spotrebiteľov. Teória rozhodovania spotrebiteľov o návnadových účinkoch v prípade konkrétnych výrobkov. 
610 2 0 |a správanie spotrebiteľa 
610 2 0 |a rozhodovanie nákupné 
610 2 0 |a marketing 
610 2 0 |a produkty 
100 1 |a Kubalová, Radka 
700 1 |a Klepek, Martin